The Chief Secretary To The Government, Malaysia / (Record no. 27207)

000 -LEADER
fixed length control field 00890nam a22002417a 4500
001 - CONTROL NUMBER
control field 0000003407
003 - CONTROL NUMBER IDENTIFIER
control field PPM
005 - DATE AND TIME OF LATEST TRANSACTION
control field 20260421093302.0
008 - FIXED-LENGTH DATA ELEMENTS--GENERAL INFORMATION
fixed length control field 260421b ||||| |||| 00| 0 eng d
020 ## - INTERNATIONAL STANDARD BOOK NUMBER
International Standard Book Number 9679785912
Terms of availability RM 79.00
Qualifying information Hardback
035 ## - SYSTEM CONTROL NUMBER
System control number 0000003407
040 ## - CATALOGING SOURCE
Language of cataloging Eng
Transcribing agency Pusat Penyelidikan Mineral, Jabatan Mineral Dan Geosains Malaysia
Modifying agency PPM
Description conventions RDA
082 00 - DEWEY DECIMAL CLASSIFICATION NUMBER
Edition number 19
Classification number 354.5950
Item number AHM 1996
100 1# - MAIN ENTRY--PERSONAL NAME
Personal name Ahmad Sarji Abdul Hamid, Tan Sri, Dato' Seri,
Dates associated with a name 1938-
Relator term author
245 10 - TITLE STATEMENT
Title The Chief Secretary To The Government, Malaysia /
Statement of responsibility, etc. by Ahmad Sarji
260 #1 - PUBLICATION, DISTRIBUTION, ETC.
Place of publication, distribution, etc. Petaling Jaya :
Name of publisher, distributor, etc. Pelanduk Publications,
Date of publication, distribution, etc. 1996
300 00 - PHYSICAL DESCRIPTION
Extent 425 pages .:
Other physical details some colour, illustrations .;
Dimensions 22 cm
504 ## - BIBLIOGRAPHY, ETC. NOTE
Bibliography, etc. note Includes indexs ( p.: 415 - 425 )
650 10 - SUBJECT ADDED ENTRY--TOPICAL TERM
Topical term or geographic name entry element Government executives
Geographic subdivision Malaysia
650 20 - SUBJECT ADDED ENTRY--TOPICAL TERM
Topical term or geographic name entry element Civil service
Geographic subdivision Malaysia
651 10 - SUBJECT ADDED ENTRY--GEOGRAPHIC NAME
Geographic name Malaysia
General subdivision Officials and employees
942 ## - ADDED ENTRY ELEMENTS (KOHA)
Source of classification or shelving scheme
Koha item type Books
Holdings
Withdrawn status Lost status Source of classification or shelving scheme Damaged status Not for loan Collection code Permanent Location Current Location Shelving location Date acquired Cost, normal purchase price Total Checkouts Full call number Date last seen Price effective from Koha item type
Available         Open Shelf PPM PPM Open Shelf 21/04/2026 79.00   354.5950 AHM 1996 21/04/2026 21/04/2026 Books